[Event "EYCC 2024 - G16"]
[Site "?"]
[Date "2024.08.22"]
[Round "1.10"]
[White "Zgoda, Aleksandra"]
[Black "Rasheva, Nora"]
[Result "1-0"]
[BlackElo "1942"]
[WhiteElo "1688"]
[LiveChessVersion "1.4.8"]

1. d4 {[%clk 1:30:53]} Nf6 {[%clk 1:30:51]} 2. Nf3 {[%clk 1:31:06]} g6
{[%clk 1:31:14]} 3. Nc3 {[%clk 1:31:03]} d5 {[%clk 1:31:14]} 4. Bf4
{[%clk 1:30:35]} Bg7 {[%clk 1:31:07]} 5. e3 {[%clk 1:29:39]} c5 {[%clk 1:17:44]}
6. Nb5 {[%clk 1:11:26]} Na6 {[%clk 1:13:16]} 7. h3 {[%clk 1:04:32]} c4
{[%clk 1:02:09]} 8. Nc3 {[%clk 0:55:17]} Qa5 {[%clk 0:57:59]} 9. Qd2
{[%clk 0:50:42]} Nb4 {[%clk 0:56:16]} 10. g4 {[%clk 0:39:43]} Ne4
{[%clk 0:38:32]} 11. Nxe4 {[%clk 0:37:22]} dxe4 {[%clk 0:38:16]} 12. c3
{[%clk 0:35:59]} Nd3+ {[%clk 0:36:48]} 13. Bxd3 {[%clk 0:34:50]} exd3
{[%clk 0:35:11]} 14. e4 {[%clk 0:28:11]} f5 {[%clk 0:28:30]} 15. gxf5
{[%clk 0:22:48]} gxf5 {[%clk 0:29:00]} 16. Rg1 {[%clk 0:19:45]} fxe4
{[%clk 0:19:32]} 17. Rxg7 {[%clk 0:19:55]} exf3 {[%clk 0:14:51]} 18. Bd6
{[%clk 0:12:57]} Qf5 {[%clk 0:06:13]} 19. Rxe7+ {[%clk 0:12:08]} Kd8
{[%clk 0:06:42]} 20. O-O-O {[%clk 0:04:04]} Qf6 {[%clk 0:06:01]} 21. Ba3
{[%clk 0:01:39]} Bd7 {[%clk 0:05:33]} 22. Rg1 {[%clk 0:01:35]} Re8
{[%clk 0:04:12]} 23. Rgg7 {[%clk 0:01:56]} Qf5 {[%clk 0:01:00]} 24. Qe3
{[%clk 0:01:22]} Kc7 {[%clk 0:00:48]} 25. Rxd7+ {[%clk 0:00:49]} Qxd7
{[%clk 0:01:16]} 26. Rxd7+ {[%clk 0:01:08]} Kxd7 {[%clk 0:01:45]} 27. Qxf3
{[%clk 0:01:10]} Re1+ {[%clk 0:01:17]} 28. Kd2 {[%clk 0:01:37]} Re2+
{[%clk 0:00:46]} 29. Kd1 {[%clk 0:02:02]} Rae8 {[%clk 0:01:05]} 30. Qd5+
{[%clk 0:01:57]} Kc8 {[%clk 0:01:20]} 31. Qxc4+ {[%clk 0:01:55]} Kb8
{[%clk 0:01:37]} 32. Qxd3 {[%clk 0:01:45]} Re1+ {[%clk 0:01:35]} 33. Kc2
{[%clk 0:01:37]} R1e2+ {[%clk 0:00:49]} 34. Kb3 {[%clk 0:02:01]} R8e6
{[%clk 0:00:58]} 35. d5 {[%clk 0:01:03]} Rb6+ {[%clk 0:01:07]} 36. Kc4
{[%clk 0:01:20]} Re8 {[%clk 0:01:35]} 37. Qxh7 {[%clk 0:01:08]} Rf6
{[%clk 0:00:45]} 38. d6 {[%clk 0:01:00]} Rf4+ {[%clk 0:01:01]} 39. Kb3
{[%clk 0:01:14]} a5 {[%clk 0:01:01]} 40. Bc5 {[%clk 0:00:43]} a4+
{[%clk 0:00:59]} 41. Kc2 {[%clk 0:01:08]} Re2+ 42. Kd3 {[%clk 0:01:29]} Re8
{[%clk 0:00:54]} 43. Qc7+ {[%clk 0:01:48]} Ka8 {[%clk 0:01:20]} 44. d7
{[%clk 0:02:05]} Rf3+ {[%clk 0:01:47]} 45. Kd2 {[%clk 0:02:07]} 1-0

[Event "EYCC 2024 - G16"]
[Site "?"]
[Date "2024.08.22"]
[Round "1.11"]
[White "Dobsa, Emma"]
[Black "Vukovic, Sara"]
[Result "1-0"]
[BlackElo "1676"]
[WhiteElo "1937"]
[LiveChessVersion "1.4.8"]

1. e4 {[%clk 1:30:56]} c5 {[%clk 1:30:50]} 2. Nf3 {[%clk 1:31:16]} d6
{[%clk 1:31:14]} 3. d4 {[%clk 1:31:38]} cxd4 {[%clk 1:31:36]} 4. Nxd4
{[%clk 1:32:03]} Nf6 {[%clk 1:32:03]} 5. Nc3 {[%clk 1:32:26]} a6 {[%clk 1:32:27]}
6. f3 {[%clk 1:32:11]} e6 {[%clk 1:32:45]} 7. Be3 {[%clk 1:32:33]} Be7
{[%clk 1:33:08]} 8. Qd2 {[%clk 1:32:46]} Nc6 {[%clk 1:33:02]} 9. g4
{[%clk 1:29:26]} h6 {[%clk 1:33:01]} 10. O-O-O {[%clk 1:28:59]} Bd7
{[%clk 1:33:00]} 11. h4 {[%clk 1:28:03]} b5 {[%clk 1:32:46]} 12. Bd3
{[%clk 1:20:18]} Ng8 {[%clk 1:30:16]} 13. f4 {[%clk 1:12:18]} b4 {[%clk 1:24:13]}
14. Nce2 {[%clk 1:08:20]} Qa5 {[%clk 1:22:46]} 15. Kb1 {[%clk 1:06:59]} Bf6
{[%clk 1:05:47]} 16. Nb3 {[%clk 1:00:03]} Qc7 {[%clk 1:05:55]} 17. g5
{[%clk 0:55:51]} Be7 {[%clk 1:04:53]} 18. Ned4 {[%clk 0:47:08]} a5
{[%clk 1:02:25]} 19. Nb5 {[%clk 0:41:11]} Qb8 {[%clk 1:00:34]} 20. Bc4
{[%clk 0:36:10]} a4 {[%clk 0:57:51]} 21. Nc5 {[%clk 0:29:33]} Na5
{[%clk 0:56:47]} 22. Nxd7 {[%clk 0:26:48]} Nxc4 {[%clk 0:56:37]} 23. Nxb8
{[%clk 0:24:11]} Nxd2+ {[%clk 0:57:00]} 24. Rxd2 {[%clk 0:24:33]} Rxb8
{[%clk 0:57:07]} 25. Nxd6+ {[%clk 0:24:32]} Bxd6 {[%clk 0:56:52]} 26. Rxd6
{[%clk 0:24:55]} hxg5 {[%clk 0:57:09]} 27. fxg5 {[%clk 0:25:14]} b3
{[%clk 0:57:10]} 28. cxb3 {[%clk 0:23:22]} axb3 {[%clk 0:57:27]} 29. axb3
{[%clk 0:22:39]} Rxb3 {[%clk 0:57:50]} 30. Bb6 {[%clk 0:22:53]} Ke7
{[%clk 0:52:22]} 31. Rhd1 {[%clk 0:21:39]} 1-0

[Event "EYCC 2024 - G16"]
[Site "?"]
[Date "2024.08.22"]
[Round "1.12"]
[White "Djukic, Katarina"]
[Black "Yildiz, Elif Zeren"]
[Result "0-1"]
[BlackElo "1934"]
[WhiteElo "1673"]
[LiveChessVersion "1.4.8"]

1. e4 {[%clk 1:30:57]} c5 {[%clk 1:30:55]} 2. Nf3 {[%clk 1:31:22]} d6
{[%clk 1:31:21]} 3. d4 {[%clk 1:31:36]} cxd4 {[%clk 1:31:45]} 4. Nxd4
{[%clk 1:31:59]} Nf6 {[%clk 1:32:09]} 5. Nc3 {[%clk 1:32:20]} a6 {[%clk 1:32:34]}
6. f3 {[%clk 1:32:39]} e5 {[%clk 1:32:51]} 7. Nb3 {[%clk 1:33:03]} Be6
{[%clk 1:32:50]} 8. Be3 {[%clk 1:33:22]} h5 {[%clk 1:33:13]} 9. Nd5
{[%clk 1:33:36]} Bxd5 {[%clk 1:33:34]} 10. exd5 {[%clk 1:33:59]} Nbd7
{[%clk 1:33:59]} 11. Qd2 {[%clk 1:33:32]} g6 {[%clk 1:33:47]} 12. O-O-O
{[%clk 1:32:07]} Bg7 {[%clk 1:33:56]} 13. Kb1 {[%clk 1:29:37]} b5
{[%clk 1:26:42]} 14. Qa5 {[%clk 1:17:07]} O-O {[%clk 1:23:18]} 15. Be2
{[%clk 1:10:27]} Qc8 {[%clk 1:20:29]} 16. c4 {[%clk 0:54:30]} bxc4
{[%clk 1:15:27]} 17. Rc1 {[%clk 0:52:47]} Qb7 {[%clk 1:15:10]} 18. Bxc4
{[%clk 0:52:15]} Rfb8 {[%clk 1:10:22]} 19. Rc2 {[%clk 0:47:32]} Nb6
{[%clk 1:05:24]} 20. Rd1 {[%clk 0:33:29]} Nxc4 {[%clk 1:01:20]} 21. Rxc4
{[%clk 0:33:47]} Qb5 {[%clk 0:57:32]} 22. Rc2 {[%clk 0:22:15]} Kh7
{[%clk 0:46:41]} 23. Qd2 {[%clk 0:18:05]} a5 {[%clk 0:44:30]} 24. Nc1
{[%clk 0:17:59]} Rb7 {[%clk 0:42:09]} 25. Ne2 {[%clk 0:17:40]} Rab8
{[%clk 0:41:24]} 26. Nc3 {[%clk 0:17:34]} Qb4 {[%clk 0:37:11]} 27. Bg5
{[%clk 0:13:44]} Ne8 {[%clk 0:31:51]} 28. Be3 {[%clk 0:04:04]} f5
{[%clk 0:25:29]} 29. Ne2 {[%clk 0:03:30]} Qb5 {[%clk 0:22:58]} 30. Nc3
{[%clk 0:03:07]} Qd7 {[%clk 0:23:14]} 31. g3 {[%clk 0:02:13]} Nc7
{[%clk 0:20:46]} 32. Ka1 {[%clk 0:01:02]} Nb5 {[%clk 0:18:11]} 33. Nxb5
{[%clk 0:01:18]} Rxb5 {[%clk 0:18:12]} 34. Bf2 {[%clk 0:00:41]} e4
{[%clk 0:14:54]} 35. Rb1 {[%clk 0:00:46]} Rb4 {[%clk 0:12:23]} 36. fxe4
{[%clk 0:00:50]} Qa4 {[%clk 0:12:02]} 37. exf5 {[%clk 0:00:38]} Qxa2+
{[%clk 0:12:26]} 0-1

[Event "EYCC 2024 - G16"]
[Site "?"]
[Date "2024.08.22"]
[Round "1.13"]
[White "Tirpan, Ceren"]
[Black "Zagar, Lara Marija"]
[Result "1-0"]
[BlackElo "1670"]
[WhiteElo "1926"]
[LiveChessVersion "1.4.8"]

1. g3 {[%clk 1:30:56]} Nf6 {[%clk 1:30:38]} 2. Bg2 {[%clk 1:31:19]} g6
{[%clk 1:30:55]} 3. Nf3 {[%clk 1:31:41]} d6 {[%clk 1:31:03]} 4. d4
{[%clk 1:31:12]} Bg7 {[%clk 1:31:15]} 5. O-O {[%clk 1:31:33]} O-O
{[%clk 1:31:31]} 6. c4 {[%clk 1:30:29]} Nbd7 {[%clk 1:30:58]} 7. Nc3
{[%clk 1:27:52]} c5 {[%clk 1:29:44]} 8. b3 {[%clk 1:20:28]} a6 {[%clk 1:28:33]}
9. Qc2 {[%clk 1:08:21]} Qc7 {[%clk 1:25:21]} 10. Rd1 {[%clk 1:02:54]} Rb8
{[%clk 1:20:03]} 11. dxc5 {[%clk 0:53:30]} Nxc5 {[%clk 1:20:05]} 12. Bg5
{[%clk 0:47:00]} Bf5 {[%clk 1:17:14]} 13. Qc1 {[%clk 0:37:32]} Nce4
{[%clk 1:14:00]} 14. Bxf6 {[%clk 0:33:49]} Nxf6 {[%clk 1:13:54]} 15. Nd4
{[%clk 0:33:36]} Bd7 {[%clk 1:13:17]} 16. Qd2 {[%clk 0:33:43]} Rfc8
{[%clk 1:11:40]} 17. Rac1 {[%clk 0:33:39]} Qd8 {[%clk 1:08:55]} 18. e4
{[%clk 0:28:55]} Qf8 {[%clk 1:07:23]} 19. f4 {[%clk 0:23:09]} Bh6
{[%clk 1:06:08]} 20. Nf3 {[%clk 0:19:27]} Bc6 {[%clk 1:00:31]} 21. Nd4
{[%clk 0:14:22]} Bd7 {[%clk 0:59:24]} 22. Nd5 {[%clk 0:14:21]} Nxd5
{[%clk 0:57:56]} 23. exd5 {[%clk 0:14:38]} b5 {[%clk 0:56:04]} 24. Qe2
{[%clk 0:09:43]} bxc4 {[%clk 0:55:18]} 25. Rxc4 {[%clk 0:09:30]} Rxc4
{[%clk 0:55:23]} 26. Qxc4 {[%clk 0:08:49]} Qc8 {[%clk 0:55:24]} 27. Nc6
{[%clk 0:06:15]} Bxc6 {[%clk 0:55:26]} 28. dxc6 {[%clk 0:05:02]} Bf8
{[%clk 0:54:18]} 29. c7 {[%clk 0:03:51]} Rb5 {[%clk 0:54:02]} 30. b4
{[%clk 0:01:45]} e6 {[%clk 0:53:34]} 31. Bc6 {[%clk 0:01:55]} d5 {[%clk 0:53:39]}
32. Qc1 {[%clk 0:02:05]} Bd6 {[%clk 0:49:50]} 33. Bxb5 {[%clk 0:02:08]} axb5
{[%clk 0:50:13]} 34. Qc6 {[%clk 0:01:13]} Qxc7 {[%clk 0:50:28]} 35. Qxc7
{[%clk 0:01:37]} Bxc7 {[%clk 0:50:51]} 36. Rc1 {[%clk 0:01:48]} Bb6+
{[%clk 0:51:12]} 37. Kg2 {[%clk 0:02:14]} Kf8 {[%clk 0:51:22]} 38. Rc6
{[%clk 0:02:37]} Ba7 {[%clk 0:51:36]} 39. Rc8+ {[%clk 0:02:23]} Ke7
{[%clk 0:51:50]} 40. Rc7+ {[%clk 0:02:44]} Ke8 {[%clk 0:50:36]} 41. Rxa7
{[%clk 0:03:06]} 1-0

[Event "EYCC 2024 - G16"]
[Site "?"]
[Date "2024.08.22"]
[Round "1.14"]
[White "Lackova, Ludmila"]
[Black "Karacsonyi, Luca"]
[Result "1-0"]
[BlackElo "1914"]
[WhiteElo "1669"]
[LiveChessVersion "1.4.8"]

1. d4 {[%clk 1:30:58]} d5 {[%clk 1:30:52]} 2. c4 {[%clk 1:31:21]} dxc4
{[%clk 1:31:16]} 3. e3 {[%clk 1:30:04]} Nf6 {[%clk 1:31:10]} 4. Nf3
{[%clk 1:30:15]} a6 {[%clk 1:31:17]} 5. Bxc4 {[%clk 1:26:05]} e6 {[%clk 1:31:39]}
6. O-O {[%clk 1:25:44]} Nbd7 {[%clk 1:31:40]} 7. b3 {[%clk 1:24:51]} c5
{[%clk 1:30:27]} 8. Bb2 {[%clk 1:24:28]} b5 {[%clk 1:27:37]} 9. Be2
{[%clk 1:24:29]} Qb6 {[%clk 1:15:20]} 10. Nbd2 {[%clk 1:22:53]} Bb7
{[%clk 1:11:30]} 11. Rc1 {[%clk 1:22:12]} Bd6 {[%clk 1:09:12]} 12. dxc5
{[%clk 1:20:34]} Bxc5 {[%clk 1:06:47]} 13. Ne5 {[%clk 1:17:46]} Rd8
{[%clk 0:55:46]} 14. Nd3 {[%clk 1:02:16]} Be7 {[%clk 0:47:58]} 15. Bd4
{[%clk 1:01:42]} Qd6 {[%clk 0:44:59]} 16. Qc2 {[%clk 1:01:02]} e5
{[%clk 0:37:21]} 17. Bc3 {[%clk 1:00:25]} e4 {[%clk 0:34:23]} 18. Nf4
{[%clk 0:59:15]} O-O {[%clk 0:31:59]} 19. Ba5 {[%clk 0:56:40]} Rc8
{[%clk 0:29:47]} 20. Qb2 {[%clk 0:56:43]} Qa3 {[%clk 0:26:20]} 21. Bc3
{[%clk 0:54:24]} Bb4 {[%clk 0:24:32]} 22. Nb1 {[%clk 0:52:42]} Qxb2
{[%clk 0:21:56]} 23. Bxb2 {[%clk 0:53:00]} g5 {[%clk 0:17:14]} 24. Nh5
{[%clk 0:52:30]} Nxh5 {[%clk 0:17:15]} 25. Bxh5 {[%clk 0:52:39]} f5
{[%clk 0:15:57]} 26. Be2 {[%clk 0:52:33]} Nb6 {[%clk 0:15:11]} 27. a3
{[%clk 0:50:02]} Be7 {[%clk 0:15:04]} 28. Nd2 {[%clk 0:48:30]} Rfd8
{[%clk 0:14:08]} 29. Rfd1 {[%clk 0:48:33]} Rxc1 {[%clk 0:13:45]} 30. Bxc1
{[%clk 0:48:32]} Rc8 {[%clk 0:12:50]} 31. Bb2 {[%clk 0:48:25]} Rc2
{[%clk 0:12:25]} 32. Bd4 {[%clk 0:48:20]} Nd5 {[%clk 0:12:25]} 33. f3
{[%clk 0:41:23]} Bxa3 {[%clk 0:11:33]} 34. fxe4 {[%clk 0:41:40]} fxe4
{[%clk 0:11:40]} 35. Bg4 {[%clk 0:40:48]} Nc3 {[%clk 0:09:50]} 36. Bxc3
{[%clk 0:35:34]} Rxc3 {[%clk 0:10:14]} 37. Nb1 {[%clk 0:35:26]} b4
{[%clk 0:02:14]} 38. Nxc3 {[%clk 0:35:09]} bxc3 {[%clk 0:02:37]} 39. Rd8+
{[%clk 0:35:06]} Kg7 {[%clk 0:02:54]} 40. Rd7+ {[%clk 0:35:04]} Kg6
{[%clk 0:02:50]} 41. Rc7 {[%clk 0:32:31]} Bb2 {[%clk 0:02:41]} 42. Bd1
{[%clk 0:32:43]} Bd5 {[%clk 0:02:57]} 43. Bc2 {[%clk 0:32:45]} h5
{[%clk 0:02:30]} 44. Rd7 {[%clk 0:32:57]} Ba8 {[%clk 0:02:06]} 45. Rd6+
{[%clk 0:33:14]} Kf5 {[%clk 0:02:30]} 46. Rxa6 {[%clk 0:33:28]} Bb7
{[%clk 0:02:23]} 47. Ra5+ {[%clk 0:33:32]} Kf6 48. Rc5 {[%clk 0:33:09]} Ba8
{[%clk 0:02:55]} 49. b4 {[%clk 0:32:37]} 1-0